Statistics for Upcoming Top 1s in Geometry Dash

Click here to take the quiz!

General Stats

  • This quiz has been taken 70 times
    (60 since last reset)
  • The average score is 7 of 22

Answer Stats

Main CreatorAnswer% Correct
MindCapLIMBO
78%
RiotAcheron
76%
ExenAbyss of Darkness
72%
KnobbelboyOrochi
54%
blueskiiiAscension to Heaven
46%
ZynvireSilent Circles
46%
APTeamThe Apocalyptic Trilogy
44%
RealVetSilent Clubstep
42%
TrusTaGalaxy Collapse
38%
SkelleDeimos
34%
NikrodoxAnathema
32%
ExenAbyss of Darkness II
30%
El3ctroEternal Night
30%
WoomAvernus
28%
EndLevelAzure Flare
22%
MistThe Amethyst
20%
xaniiEryx
14%
GW IndraAmber
10%
lexyCorrupted Planet
8%
RadicalCatsThe Seventh Sun
8%
akunakunhowconfusingisthislvl
4%
RiverMalaise
2%

Score Distribution

Percentile by Number Answered

Percent of People with Each Score

Your Score History

You have not taken this quiz since the last reset